Vista normal Vista MARC
  • Johnson, Spencer

Entrada Personal Name

Número de registros utilizados en: 2

001 - CONTROL NUMBER

  • control field: 4295

003 - CONTROL NUMBER IDENTIFIER

  • control field: OSt

005 - DATE AND TIME OF LATEST TRANSACTION

  • control field: 20160215150954.0

008 - FIXED-LENGTH DATA ELEMENTS

  • fixed length control field: 160215|| aca||aabn | a|a d

040 ## - CATALOGING SOURCE

  • Original cataloging agency: OSt
  • Transcribing agency: OSt

100 ## - HEADING--PERSONAL NAME

  • Personal name: Johnson, Spencer

670 ## - SOURCE DATA FOUND

  • Source citation: Work cat.: (OSt)7227: Johnson, Spencer, ¿Quién se ha llevado mi queso?